| 000 | 00667cam a22002411 4500 | ||
|---|---|---|---|
| 001 | sa 66000770 | ||
| 003 | DLC | ||
| 005 | 20260227112217.0 | ||
| 008 | 890621s1965 ii a 000 0 maro | ||
| 010 | _asa 66000770 | ||
| 035 | _a(OCoLC)19906194 | ||
| 040 |
_aDLC _cWaU _dDLC |
||
| 042 | _apremarc | ||
| 043 | _aa-ii--- | ||
| 050 | 0 | 0 |
_aGR305.5.M3 _bB2 |
| 100 | 1 |
_aBabar, Sarojini Krishnarao, _d1920- |
|
| 245 | 1 | 0 | _aLokasāhitya : sājaśiṇagāra. |
| 260 | _c[1965?] | ||
| 300 |
_a16, 253 p. _billus. (1 col.) _c25 cm. |
||
| 500 | _aIn Marathi. | ||
| 500 | _aIncludes biographical sketches of the contributors. | ||
| 650 | 0 |
_aFolklore _zIndia _zMaharashtra. |
|
| 999 |
_c67391 _d67391 |
||